LIBRARY & INFORMATION CENTRE, KCAET, TAVANUR

ONLINE PUBLIC ACCESS CATALOGUE (OPAC)

Mastering web design / (Record no. 2977)

MARC details
000 -LEADER
fixed length control field 00467cam a2200193ua 4500
020 ## - INTERNATIONAL STANDARD BOOK NUMBER
ISBN 81 7029 788 5
041 ## - LANGUAGE CODE
Language code of text/sound track or separate title eng
082 ## - DEWEY DECIMAL CLASSIFICATION NUMBER
Classification number 004.67
Item number MCC/MA
100 ## - MAIN ENTRY--AUTHOR NAME
Personal name John, McCoy .
245 ## - TITLE STATEMENT
Title Mastering web design /
250 ## - EDITION STATEMENT
Edition statement 1 /
260 ## - PUBLICATION, DISTRIBUTION, ETC. (IMPRINT)
Place of publication New Delhi :
Name of publisher BPB Publications ,
Year of publication 1996.
300 ## - PHYSICAL DESCRIPTION
Number of Pages 609 ; .
500 ## - GENERAL NOTE
General note *CSS
942 ## - ADDED ENTRY ELEMENTS (KOHA)
Koha item type Books
Holdings
Withdrawn status Lost status Damaged status Home library Current library Shelving location Date acquired Full call number Accession Number Koha item type
      KAUAET KAUAET Scheme 23/07/2018 004.67 MCC/MA 20471 Book Bank scheme for SC students
free website counter